Dajla (Record no. 329926)
[ view plain ]
| 000 -LEADER | |
|---|---|
| fixed length control field | 00930 a2200181 4500 |
| 003 - CONTROL NUMBER IDENTIFIER | |
| control field | NUST |
| 005 - DATE AND TIME OF LATEST TRANSACTION | |
| control field | 20170622130548.0 |
| 008 - FIXED-LENGTH DATA ELEMENTS--GENERAL INFORMATION | |
| fixed length control field | 170601b xxu||||| |||| 00| 0 eng d |
| 020 ## - INTERNATIONAL STANDARD BOOK NUMBER | |
| International Standard Book Number | 9693512294 |
| 040 ## - CATALOGING SOURCE | |
| Original cataloging agency | DLC |
| Language of cataloging | DLC |
| Transcribing agency | NUST |
| 082 ## - DEWEY DECIMAL CLASSIFICATION NUMBER | |
| Classification number | 891.4397 |
| Author Mark | SHA |
| 100 ## - MAIN ENTRY--PERSONAL NAME | |
| Personal name | Shafiq ur Rehman |
| 9 (RLIN) | 1675 |
| 245 ## - TITLE STATEMENT | |
| Title | Dajla |
| Statement of responsibility, etc. | Shafiq ur Rehman |
| Medium | [Urdu] |
| 260 ## - PUBLICATION, DISTRIBUTION, ETC. | |
| Place of publication, distribution, etc. | Lahore: |
| Name of publisher, distributor, etc. | Sang-e-meel Publications, |
| Date of publication, distribution, etc. | 2008. |
| 300 ## - PHYSICAL DESCRIPTION | |
| Extent | 304 p. ; |
| Dimensions | 22 cm. |
| 500 ## - GENERAL NOTE | |
| General note | Satire |
| 546 ## - LANGUAGE NOTE | |
| Language note | In Urdu |
| 650 ## - SUBJECT ADDED ENTRY--TOPICAL TERM | |
| Topical term or geographic name entry element | Urdu Adab--Tanz-o-Mazah. |
| 9 (RLIN) | 1738 |
| 880 ## - ALTERNATE GRAPHIC REPRESENTATION | |
| Title | دجلہ |
| Linkage | 245-02\(3\r |
| c | شفیق الرحمٰن |
| 880 ## - ALTERNATE GRAPHIC REPRESENTATION | |
| Title | شفیق الرحمٰن |
| Linkage | 100-01\(3\r |
| 880 ## - ALTERNATE GRAPHIC REPRESENTATION | |
| Title | لاہور: |
| Linkage | 260-03\(3\r |
| b | سنگ میل پبلی کیشنز، |
| c | 2008 |
| 942 ## - ADDED ENTRY ELEMENTS (KOHA) | |
| Koha item type | Book |
| Source of classification or shelving scheme | |
| Withdrawn status | Lost status | Source of classification or shelving scheme | Damaged status | Not for loan | Permanent Location | Current Location | Shelving location | Date acquired | Total Checkouts | Total Renewals | Full call number | Barcode | Date last seen | Date last checked out | Copy number | Price effective from | Koha item type |
|---|---|---|---|---|---|---|---|---|---|---|---|---|---|---|---|---|---|
| Central Library (CL) | Central Library (CL) | Fiction | 06/01/2017 | 4 | 6 | 891.4397 SHA | CL1891 | 04/17/2025 | 12/10/2024 | 1 | 06/01/2017 | Book | |||||
| Central Library (CL) | Central Library (CL) | Urdu Literature | 03/11/2024 | 891.4397 SHA | SEECS010896 | 03/11/2024 | 03/11/2024 | Book | |||||||||
| Central Library (CL) | Central Library (CL) | Urdu Literature | 03/11/2024 | 891.4397 SHA | SEECS008241 | 03/11/2024 | 03/11/2024 | Book | |||||||||
| Central Library (CL) | Central Library (CL) | Urdu Literature | 03/11/2024 | 891.4397 SHA | SEECS006332 | 03/11/2024 | 03/11/2024 | Book |
